Sembilu pengorbanan

Bibliographic Details
Format: Book
Published: Kuala Lumpur : Utusan , 1994
Series:Siri Hadiah Sastera Utusan Melayu Public Bank 1993
Subjects:

MARC

LEADER 00000cam a2200000 7i4500
001 0000002464
002 000002684
005 20000330.0
020 |a 9676104795 
090 0 0 |a JF   |b SEM 
245 0 0 |a Sembilu pengorbanan 
260 |a Kuala Lumpur :   |b Utusan ,   |c 1994 
300 |a 100 p. ;   |c 21 cm. 
490 0 |a Siri Hadiah Sastera Utusan Melayu Public Bank 1993 
650 0 0 |a General fiction, Malay 
999 |a 035954   |b BUKU   |c PINJAMAN   |e PERPUSTAKAAN KOMUNITI PETALING JAYA